| 000 | 00476nam a2200169Ia 4500 | ||
|---|---|---|---|
| 003 | OSt | ||
| 005 | 20201118123250.0 | ||
| 008 | 190216s9999||||xx |||||||||||||| ||und|| | ||
| 040 | _coclc | ||
| 082 |
_a894.8123 _bKUM/E |
||
| 100 |
_aKumaran, U K _96528 |
||
| 245 | 0 |
_aEzhuthappettathu / _cU K Kumaran |
|
| 260 |
_bCurrent Books, _c1999. _aThrissur: |
||
| 300 | _a152p | ||
| 650 | _aMalayalam Novel | ||
| 942 |
_cBK _2ddc _h894.8123 _iKUM/E _k894.8123 _mKUM/E |
||
| 999 |
_c27918 _d27918 |
||